000
00290nam a22001217a 4500
008
180605b xxu||||| |||| 00| 0 eng d
041
_a
eng
080
_a
043.3
100
_a
0
101
_a
MBE-MTH
245
_a
Development of marketing by local SME'S in Kosova
_c
Begu,U
942
_2
udc
_c
BK
999
_c
46314
_d
46314